000
00222nam a22000857a 4500
008
170113b xxu||||| |||| 00| 0 eng d
100
_9
2406
_a
Goel.A.etal.
245
_a
Together with Science-IX
260
_a
New Delhi
_b
Rachna
_c
2008
999
_c
5438
_d
5438